Rusko-český slovník z informatiky

Salvato in:
Dettagli Bibliografici
Autore principale: Jančařík, Miloslav
Altri autori: Nálevková, Marta
Natura: Libro
Lingua:ceco
Pubblicazione: Praha Ústředí vědeckých, technických a ekonomických informací 1989
Edizione:2. vyd.
Tags: Aggiungi Tag
Nessun Tag, puoi essere il primo ad aggiungerne!!

MARC

LEADER 00000nam a2200000 4500
001 c034796
005 20251204101911.8
041 0 |a cze 
044 |a CZ 
245 1 0 |a Rusko-český slovník z informatiky  |c Miloslav Jančařík, Marta Nálevková 
250 |a 2. vyd. 
264 1 |a Praha  |b Ústředí vědeckých, technických a ekonomických informací  |c 1989 
300 |a 291 s. 
100 1 |a Jančařík, Miloslav 
700 1 |a Nálevková, Marta